Scientific assessment of ozone depletion : (Registro nro. 1813)

Detalles MARC
000 -CABECERA
Campo de control 01594cam a2200337 a 4500
005 - FECHA Y HORA DE LA ULTIMA TRANSACCION
Campo de control 20191224041614.0
008 - ELEMENTOS DE LONGITUD FIJA—INFORMACION GENERAL
Campo de control 990520s1999 dcuad b i000 0 eng
020 ## - ISBN
ISBN 9280717227
040 ## - FUENTE DE CATALOGACIÓN
Agencia catalogadora original DLC
Agencia transcriptora DLC
Agencia Modificadora DLC
-- CO-BoIAVH
041 0# - IDIOMA
Código de idioma para texto/pista de sonido o título separado Inglés
044 ## - PAÍS DE PUBLICACIÓN
País de publicación Estados Unidos
082 00 - NUMERO DE CLASIFICACION DECIMAL DEWEY
Número de clasificación 363.73875
Número del ítem S41s
245 00 - MENCION DE TITULO
Título Scientific assessment of ozone depletion :
Parte restante del título 1998. /
260 ## - PUBLICACION, DISTRIBUCION, ETC. (PIE DE IMPRENTA)
Lugar de publicación, distribución, etc. Washington, DC :
Nombre del editor, distribuidor, etc. National Oceanic and Atmospheric Administration :
-- National Aeronautics and Space Administration ;
Lugar de publicación, distribución, etc. Nairobi, Kenya :
Nombre del editor, distribuidor, etc. United Nations Environment Programme ;
Lugar de publicación, distribución, etc. Geneva, Switzerland :
Nombre del editor, distribuidor, etc. World Meteorological Organization ;
Lugar de publicación, distribución, etc. Brussels, Belgium :
Nombre del editor, distribuidor, etc. European Commission,
Fecha de publicación, distribución, etc. 1999.
300 ## - DESCRIPCION FISICA
Extensión xxxix , 559 páginas :
Otros detalles físicos Ilustraciones, gráficos;
Dimensiones 28 x 21 cm.
490 1# - MENCION DE SERIE
Mención de serie Report / World Meteorological Organization, Global Ozone Research and Monitoring Project ;
Designación numérica/secuencial del volumen no. 44
504 ## - NOTA DE BIBLIOGRAFIA, ETC.
Nota de bibliografía Incluye referencias bibliográficas.
650 #0 - ASIENTO SECUNDARIO DE MATERIA - TERMINO TEMATICO
Término temático o nombre geográfico como elemento de entrada Ozone layer depletion.
9 (RLIN) 53380
650 #0 - ASIENTO SECUNDARIO DE MATERIA - TERMINO TEMATICO
Término temático o nombre geográfico como elemento de entrada Global warming.
9 (RLIN) 1027
650 #0 - ASIENTO SECUNDARIO DE MATERIA - TERMINO TEMATICO
Término temático o nombre geográfico como elemento de entrada Atmospheric chemistry.
9 (RLIN) 53381
650 #6 - ASIENTO SECUNDARIO DE MATERIA - TERMINO TEMATICO
Término temático o nombre geográfico como elemento de entrada Degradación de la capa de ozono
9 (RLIN) 3932
650 #6 - ASIENTO SECUNDARIO DE MATERIA - TERMINO TEMATICO
Término temático o nombre geográfico como elemento de entrada Cambios globales de temperatura.
9 (RLIN) 754
650 #6 - ASIENTO SECUNDARIO DE MATERIA - TERMINO TEMATICO
Término temático o nombre geográfico como elemento de entrada Atmósfera
9 (RLIN) 1020
710 1# - ASIENTO SECUNDARIO - NOMBRE CORPORATIVO
Nombre corporativo o de jurisdicción como elemento de entrada United States.
Unidad subordinada National Oceanic and Atmospheric Administration.
9 (RLIN) 53382
710 1# - ASIENTO SECUNDARIO - NOMBRE CORPORATIVO
Nombre corporativo o de jurisdicción como elemento de entrada United States.
Unidad subordinada National Aeronautics and Space Administration.
9 (RLIN) 53383
710 2# - ASIENTO SECUNDARIO - NOMBRE CORPORATIVO
Nombre corporativo o de jurisdicción como elemento de entrada United Nations Environment Programme.
9 (RLIN) 8871
710 2# - ASIENTO SECUNDARIO - NOMBRE CORPORATIVO
Nombre corporativo o de jurisdicción como elemento de entrada World Meteorological Organization.
9 (RLIN) 13206
710 2# - ASIENTO SECUNDARIO - NOMBRE CORPORATIVO
Nombre corporativo o de jurisdicción como elemento de entrada European Commission.
9 (RLIN) 11952
730 0# - ADDED ENTRY--UNIFORM TITLE
Date of treaty signing (1985).
Form subheading Protocols, etc.,
Date of treaty signing 1987 September 15.
942 ## - ELEMENTOS ADICIONALES (KOHA)
Sistema de clasificación Dewey Decimal Classification
Tipo de ítem Libro
Existencias
Withdrawn status Lost status Sistema de Clasificación Damaged status No para préstamo Colección Inventariado Ubicación Permanente Ubicación actual Fecha de adquisición Valor Total Checkouts Número topográfico Inventario / Código de Barras Date last seen Ejemplar Price effective from Forma de adquisición Tipo de material
    Dewey Decimal Classification     General Inventariado 2017 Bogotá Bogotá 23/01/2001 39000.00   LB-363.73875 S41s 002269 04/12/2012 V. 1 Ej. 1 04/12/2012   Libro
    Dewey Decimal Classification     General Inventariado 2017 Bogotá Bogotá 23/01/2001 39000.00   LB-363.73875 S41s 002270 04/12/2012 V. 2 Ej. 1 04/12/2012   Libro